书目信息 |
| 题名: |
瓦·阿·苏霍姆林斯基论智育
|
|
| 作者: | 穆欣 著 ;王义高 译 | |
| 分册: | ||
| 出版信息: | 北京 北京师范大学出版社 1985 |
|
| 页数: | 326页 | |
| 开本: | 19cm | |
| 丛书名: | ||
| 单 册: | ||
| 中图分类: | G40-013 | |
| 科图分类: | ||
| 主题词: | 智育--文集 | |
| 电子资源: | ||
| ISBN: | ||
| 000 | 00643nam0 2200229 450 | |
| 001 | 1554036607 | |
| 005 | 20150127150052.64 | |
| 010 | @dCNY1.70 | |
| 091 | @a7243.381 | |
| 100 | @a19900816d1985 emky0chiy0110 ea | |
| 101 | 1 | @achi@crus |
| 102 | @aCN@b110000 | |
| 105 | @ay z 000yy | |
| 200 | 1 | @a瓦·阿·苏霍姆林斯基论智育@9wa · a · su huo mu lin si ji lun zhi yu@f(苏)穆欣著@g王义高译 |
| 210 | @a北京@c北京师范大学出版社@d1985 | |
| 215 | @a326页@d19cm | |
| 606 | 0 | @a智育@x文集 |
| 690 | @aG40-013@v5 | |
| 701 | 1 | @a穆欣@9mu xin@4著 |
| 702 | 0 | @a王义高@9wang yi gao@4译 |
| 801 | 0 | @aCN@bTSSF@c20150127 |
| 905 | @aZUCC@dG40-013@eJY1 | |
| 瓦·阿·苏霍姆林斯基论智育/(苏)穆欣著/王义高译.-北京:北京师范大学出版社,1985 |
| 326页;19cm |
| ISBN :CNY1.70 |
| ● |
| 相关链接 |
|
|
|
|
正题名:瓦·阿·苏霍姆林斯基论智育
索取号:G40-013/JY1
 
预约/预借
| 序号 | 登录号 | 条形码 | 馆藏地/架位号 | 状态 | 备注 |
| 1 | 7860471 | 278604716 | 学院路分馆/ [索取号:G40-013/JY1] | 在馆 |